000 00373nam a22001577a 4500
003 OSt
008 250211b |||||||| |||| 00| 0 eng d
041 _aeng
082 _a621.01
_bJAI/ME
100 _aJain, RK
_97113
245 _aMechanical Engineering: Objective Type
250 _a17th
260 _aDelhi:
_bKhanna Publishers,
_c1996.
300 _a896p.
942 _cBK
999 _c19344
_d19344